| 000 | 00618nam a2200193Ia 4500 | ||
|---|---|---|---|
| 003 | GCL | ||
| 008 | 140319s9999 xx 000 0 ara d | ||
| 040 |
_aGCL / _cGCL |
||
| 082 | 0 | 4 |
_a250 _bش م |
| 100 | 1 | _aشعبان محمد اسماعيل | |
| 245 | 1 | 0 |
_aمصادر التشريع الاسلامى: ومواقف العلماء منها / _cشعبان محمد اسماعيل |
| 260 |
_a[S.N] : _bدار المريخ للنشر ، _c1985 |
||
| 300 | _a320 ص | ||
| 490 | _a | ||
| 650 | 0 | 4 | _aالشريعة الاسلامية |
| 650 | 0 | 4 | _aالسنة النبوية |
| 650 | 0 | 4 | _aالقران |
| 942 |
_2ddc _cBK |
||
| 999 |
_c48780 _d48780 |
||